000 00631nam a2200193Ia 4500
003 GCL
008 140319s9999 xx 000 0 ara d
040 _aGCL /
_cGCL
082 0 4 _a915.3
_bس ق
100 1 _aسمير عطاالله
245 1 0 _aقافلة الحبر :الرحالة الغربيون الى الجزيره والخليج (1762 -1950) /
_cسمير عطاالله
300 _a348 ص
490 _a
650 0 4 _aالعصر الحديث
650 0 4 _aالخليج العربى
650 0 4 _aالجزيرة العربية -وصف ورحلات
650 0 4 _aالرحالة الغربيون
942 _2ddc
_cBK
999 _c44437
_d44437